Zákon o cenných papieroch a investičných službách

Pokračovanie z č. 11/2002. Zákon o cenných papieroch a investičných službách by mal zabezpečiť optimálnu ochranu klientov obchodníkov s cennými papiermi. Význam zriadenia Garančného fondu investícií a možnosť Úradu pre finančný trh využívať efektívne nástroje dohľadu.

Salvato in:
Dettagli Bibliografici
Autore principale: Palko, František, 1972-
Natura: Capitolo di libro
Lingua:slovacco
Soggetti:
Tags: Aggiungi Tag
Nessun Tag, puoi essere il primo ad aggiungerne!!

MARC

LEADER 00000naa a2200000 4500
001 r047516
005 20240502071341.9
041 0 |a slo 
044 |a SK 
245 1 0 |a Zákon o cenných papieroch a investičných službách  |c František Palko 
520 |a Pokračovanie z č. 11/2002. Zákon o cenných papieroch a investičných službách by mal zabezpečiť optimálnu ochranu klientov obchodníkov s cennými papiermi. Význam zriadenia Garančného fondu investícií a možnosť Úradu pre finančný trh využívať efektívne nástroje dohľadu. 
610 2 0 |a papiere cenné 
610 2 0 |a služby investičné 
610 2 0 |a zákony 
610 2 0 |a Slovensko 
610 2 0 |a obchodníci 
610 2 0 |a nástroje investičné 
610 2 0 |a fond garančný 
610 2 0 |a klienti 
610 2 0 |a dozor štátny 
610 2 0 |a správa nútená 
610 2 0 |a Úrad pre finančný trh 
100 1 |a Palko, František, 1972-